Najpopularniejsi raperzy w tym tygodniu . 12-18.03 - Statystyki

Ogólne statystyki
  • Ten quiz został rozwiązany 28 razy
  • Średni wynik to 7 z 15
Statystyki odpowiedzi
Miejsce w poprzednim tygodniu Wyświetlenia Raper % Poprawnych
#1 5.71M Bedoes
80%
#15 2.54M White 2115
80%
#14 2.71M Quebonafide
72%
#2 6.59M Sobel
64%
#3 4.57M Guzior
52%
#6 2.91M Malik Montana
52%
#11 3.03M Paluch
48%
#13 2.89M Kizo
44%
#10 3.43M Żabson
44%
#5 3.99M Szpaku
40%
#12 2.68M Kabe
36%
#9 4.12M Tymek
32%
#8 3.49M Kali
28%
#4 3.50M Kubańczyk
24%
#7 3.41M Major SPZ
20%
Nie znaleziono quizów pasujących do podanych kryteriów
Rozkład punktacji
Procent ludzi z każdym wynikiem
Percentyl według liczby udzielonych odpowiedzi
Twoja historia wyników
Nie rozwiązałeś tego quizu